JEFFPARDY: Questions - Statistics

General Stats
  • This quiz has been taken 11 times
  • The average score is 7 of 15
Answer Stats
JEFF jeffgeoff % Correct
Jeff GEOFF
100%
Jeff Geoff
100%
Jeff jEfF
100%
Jeff JEFF
100%
Jeff Jeff
100%
Jeff geoffieJEFF
67%
Jeff jeffgeoff
22%
Jeff FFEJ
11%
Jeff ffej
11%
Jeff FFOEG
11%
Jeff ffoeg
11%
Jeff geoffjeff
11%
Jeff geoffjeFF
11%
Jeff jeffieGEOFF
11%
Jeff JEFFGEOFFJEFFgeoffie
0%
No matching quizzes found
Score Distribution
Percent of People with Each Score
Percentile by Number Answered
Your Score History
You have not taken this quiz